[Event "RD-2015-0-00111"]
[Site "LSS email"]
[Date "2015.02.17"]
[Round "?"]
[White "Fiser, Otakar"]
[Black "Jung, Jerzy"]
[Result "1-0"]
[WhiteElo "1550"]
[BlackElo "1400"]
[PlyCount "57"]
[EventDate "2014.09.23"]
[EventType "tourn (corr)"]
[EventRounds "6"]
[EventCountry "GER"]
[SourceTitle "Corr 2022"]
[Source "ChessBase"]
[SourceDate "2021.10.24"]
[SourceVersion "1"]
[SourceVersionDate "2021.10.24"]
[SourceQuality "1"]

1. b3 e5 2. Bb2 Nc6 3. c4 Nf6 4. g3 d5 5. cxd5 Qxd5 6. Nf3 Bg4 7. Bg2 0-0-0 8. Nc3 Qd7 9. Rc1 Be7 10. h3 Bxf3 11. Bxf3 Kb8 12. Bg2 h5 13. Na4 e4 14. Bxf6 gxf6 15. Bxe4 Nb4 16. Bg2 Rhe8 17. d4 Qxd4 18. Qxd4 Rxd4 19. Nc3 f5 20. 0-0 Rd2 21. Rfd1 Red8 22. a3 Na2 23. Rxd2 Rxd2 24. Nxa2 Rxa2 25. a4 h4 26. gxh4 Bxh4 27. Rc5 Rxe2 28. Rxf5 Rb2 29. Rxf7 1-0

[Event "RD-2015-0-00111"]
[Site "LSS email"]
[Date "2015.02.16"]
[Round "?"]
[White "Fiser, Otakar"]
[Black "Gimenes, Hamilton"]
[Result "1/2-1/2"]
[WhiteElo "1550"]
[BlackElo "1534"]
[PlyCount "35"]
[EventDate "2014.09.23"]
[EventType "tourn (corr)"]
[EventRounds "6"]
[EventCountry "GER"]
[SourceTitle "Corr 2022"]
[Source "ChessBase"]
[SourceDate "2021.10.24"]
[SourceVersion "1"]
[SourceVersionDate "2021.10.24"]
[SourceQuality "1"]

1. b3 e5 2. Bb2 Nc6 3. c4 d6 4. e3 g6 5. Nc3 Bg7 6. g3 h5 7. h4 Nge7 8. Bg2 Bg4 9. f3 Be6 10. Nge2 d5 11. 0-0 dxc4 12. Ne4 0-0 13. Nc5 Qd6 14. Nxe6 Qxe6 15. f4 Nf5 16. Qc2 Rae8 17. bxc4 e4 18. Bxg7 1/2-1/2

[Event "RD-2015-0-00110"]
[Site "LSS email"]
[Date "2015.01.04"]
[Round "?"]
[White "Cole, Steve"]
[Black "Fiser, Otakar"]
[Result "1-0"]
[WhiteElo "1449"]
[BlackElo "1566"]
[PlyCount "83"]
[EventDate "2014.08.13"]
[EventType "tourn (corr)"]
[EventRounds "6"]
[EventCountry "GER"]
[SourceTitle "Corr 2022"]
[Source "ChessBase"]
[SourceDate "2021.10.24"]
[SourceVersion "1"]
[SourceVersionDate "2021.10.24"]
[SourceQuality "1"]

1. e4 d6 2. d4 g6 3. Nc3 Bg7 4. Be3 e5 5. dxe5 Bxe5 6. Qd2 Bg7 7. 0-0-0 Nc6 8. f3 Be6 9. Kb1 Nf6 10. h4 h5 11. Nh3 Bxh3 12. Rxh3 Qd7 13. Bb5 0-0 14. Ba4 Qe7 15. a3 a6 16. Bb3 b5 17. Nd5 Nxd5 18. Bxd5 Ne5 19. Bg5 Bf6 20. Bxa8 Bxg5 21. hxg5 Rxa8 22. g4 Nc4 23. Qf4 Qe6 24. Rdh1 Qe5 25. Qxe5 dxe5 26. gxh5 gxh5 27. Rxh5 Kg7 28. Rh7+ Kg6 29. Kc1 Nd6 30. R1h5 a5 31. R7h6+ Kg7 32. Rh2 Rf8 33. b3 b4 34. a4 f5 35. gxf6+ Rxf6 36. Rh7+ Kg8 37. Rxc7 Rxf3 38. Rh5 Nxe4 39. Rxe5 Nc3 40. Re8+ Rf8 41. Rxf8+ Kxf8 42. Rc5 1-0

[Event "Valasska Bystrice op"]
[Site "Valasska Bystrice"]
[Date "2014.09.14"]
[Round "3"]
[White "Pavlicek, Petr"]
[Black "Fiser, Otakar"]
[Result "1-0"]
[WhiteElo "1847"]
[BlackElo "1598"]
[PlyCount "93"]
[EventDate "2014.09.13"]
[EventType "swiss"]
[EventRounds "9"]
[EventCountry "CZE"]
[SourceTitle "CBM 162 Extra"]
[Source "ChessBase"]
[SourceDate "2014.10.17"]
[SourceVersion "1"]
[SourceVersionDate "2014.10.17"]
[SourceQuality "1"]

1. Nf3 Nf6 2. g3 g6 3. Bg2 Bg7 4. 0-0 0-0 5. c4 d5 6. cxd5 Nxd5 7. e4 Nb4 8. d4 Bg4 9. Qb3 Qd6 10. a3 N4a6 11. Qxb7 Qc6 12. Qb3 Nd7 13. e5 Rab8 14. Qc3 Qb5 15. Nbd2 Nb6 16. Re1 Rfc8 17. Bf1 Qd5 18. Bxa6 Na4 19. Qe3 Bxf3 20. Qxf3 Qxd4 21. Bxc8 Rxc8 22. Re4 Qd5 23. Nb3 f5 24. Rd4 Qb5 25. Qd5+ Qxd5 26. Rxd5 Nb6 27. Ra5 Nc4 28. Rxa7 Bxe5 29. Nc5 Rd8 30. Be3 Nxe3 31. fxe3 Rd2 32. Rb1 Re2 33. Nd3 Bd6 34. Rd1 e5 35. b4 Rxe3 36. Nc5 Rc3 37. Ne6 e4 38. Nf4 Rc2 39. Nd5 Kf8 40. Ne3 Rc3 41. Kf2 f4 42. gxf4 Bxf4 43. Ng2 Bxh2 44. Rd7 Bg3+ 45. Ke2 Ke8 46. Rxh7 Rc2+ 47. Kd1 1-0

[Event "RE-2014-0-00138"]
[Site "LSS email"]
[Date "2014.06.24"]
[Round "?"]
[White "Fiser, Otakar"]
[Black "Colibaba, Alexandr"]
[Result "1/2-1/2"]
[WhiteElo "1452"]
[BlackElo "2151"]
[PlyCount "85"]
[EventDate "2014.02.02"]
[EventType "tourn (corr)"]
[EventRounds "6"]
[EventCountry "GER"]
[SourceTitle "Corr 2022"]
[Source "ChessBase"]
[SourceDate "2021.10.24"]
[SourceVersion "1"]
[SourceVersionDate "2021.10.24"]
[SourceQuality "1"]

1. d4 Nf6 2. c4 g6 3. Nf3 Bg7 4. g3 0-0 5. Bg2 d5 6. 0-0 dxc4 7. Na3 c3 8. bxc3 c5 9. Ne5 Nc6 10. Nxc6 bxc6 11. Nc2 Nd5 12. Qe1 Qa5 13. Ba3 Qxc3 14. Qxc3 Nxc3 15. Bxc5 Nxe2+ 16. Kh1 Bf5 17. Rfe1 Nf4 18. gxf4 Bxc2 19. Rxe7 Rfd8 20. Rc1 Ba4 21. Rxa7 Rxa7 22. Bxa7 Bxd4 23. Bxd4 Rxd4 24. Bxc6 Bxc6+ 25. Rxc6 Rxf4 26. Rc2 Ra4 27. Kg2 Ra3 28. f3 g5 29. h4 gxh4 30. Rf2 Ra4 31. Kh3 Rf4 32. Rg2+ Kf8 33. Rf2 Ke7 34. Re2+ Kf6 35. Kg2 h6 36. Re8 Ra4 37. Kh3 Rxa2 38. Kxh4 Ra5 39. Rb8 Rg5 40. Rb6+ Kg7 41. Rb8 Kg6 42. Rh8 f6 43. Kh3 1/2-1/2

[Event "RE-2014-0-00138"]
[Site "LSS email"]
[Date "2014.06.22"]
[Round "?"]
[White "Fiser, Otakar"]
[Black "Schoppe, Gottfried"]
[Result "1-0"]
[WhiteElo "1452"]
[BlackElo "1370"]
[PlyCount "67"]
[EventDate "2014.02.02"]
[EventType "tourn (corr)"]
[EventRounds "6"]
[EventCountry "GER"]
[SourceTitle "Corr 2022"]
[Source "ChessBase"]
[SourceDate "2021.10.24"]
[SourceVersion "1"]
[SourceVersionDate "2021.10.24"]
[SourceQuality "1"]

1. d4 Nf6 2. c4 d5 3. Nc3 e6 4. Bg5 Be7 5. cxd5 Nxd5 6. Bxe7 Qxe7 7. Nf3 Qb4 8. Qd2 Nc6 9. e4 Nxc3 10. bxc3 Qa5 11. Bd3 0-0 12. 0-0 h6 13. a4 a6 14. e5 Ne7 15. Bc2 Ng6 16. Bxg6 fxg6 17. Nh4 Qd5 18. Nxg6 Rf7 19. Qd3 c5 20. f4 c4 21. Qg3 Bd7 22. f5 exf5 23. Nf4 Qc6 24. d5 Qc5+ 25. Kh1 Bc8 26. Rae1 b5 27. d6 Raa7 28. e6 Rfb7 29. Nh5 f4 30. Nf6+ Kf8 31. Nh7+ Kg8 32. Qg6 Qxd6 33. Nf6+ Kf8 34. Qe8# 1-0

[Event "ZL-2014-0-01466"]
[Site "LSS email"]
[Date "2014.06.22"]
[Round "?"]
[White "Lenz, Juergen"]
[Black "Fiser, Otakar"]
[Result "0-1"]
[WhiteElo "1247"]
[BlackElo "1532"]
[PlyCount "60"]
[EventDate "2014.06.06"]
[EventType "match (corr)"]
[EventRounds "2"]
[EventCountry "GER"]
[SourceTitle "Corr 2022"]
[Source "ChessBase"]
[SourceDate "2021.10.24"]
[SourceVersion "1"]
[SourceVersionDate "2021.10.24"]
[SourceQuality "1"]

1. d4 Nf6 2. Nf3 d5 3. Bf4 Nh5 4. Bg5 h6 5. Bh4 g5 6. Bg3 Nxg3 7. hxg3 Bg7 8. c4 g4 9. Ne5 dxc4 10. Qa4+ c6 11. Qxc4 Be6 12. Qb4 Qb6 13. Qxb6 axb6 14. a3 b5 15. e3 Bxe5 16. dxe5 b4 17. Nd2 Nd7 18. Bc4 Bxc4 19. Nxc4 b5 20. e6 fxe6 21. Nd2 bxa3 22. bxa3 e5 23. Ne4 Ra4 24. Nc3 Rc4 25. Kd2 Nc5 26. Rhb1 0-0 27. Nd1 Rd8+ 28. Ke1 e4 29. Ra2 Nd3+ 30. Kf1 Nc1 0-1

[Event "SE-2014-0-00169"]
[Site "LSS email"]
[Date "2014.06.22"]
[Round "?"]
[White "Razo, Ryan Jose"]
[Black "Fiser, Otakar"]
[Result "0-1"]
[WhiteElo "1442"]
[BlackElo "1496"]
[PlyCount "114"]
[EventDate "2014.05.03"]
[EventType "tourn (corr)"]
[EventRounds "6"]
[EventCountry "GER"]
[SourceTitle "Corr 2022"]
[Source "ChessBase"]
[SourceDate "2021.10.24"]
[SourceVersion "1"]
[SourceVersionDate "2021.10.24"]
[SourceQuality "1"]

1. Nf3 d5 2. b3 Bg4 3. e3 Nd7 4. Bb2 Ngf6 5. h3 Bxf3 6. Qxf3 c6 7. g4 e5 8. g5 Ne4 9. h4 h6 10. d3 Qa5+ 11. c3 Nd6 12. Nd2 0-0-0 13. g6 Be7 14. gxf7 Rhf8 15. Bh3 Nxf7 16. Qg2 g5 17. hxg5 e4 18. dxe4 Nfe5 19. Ke2 hxg5 20. exd5 g4 21. Bxg4 Nxg4 22. Qxg4 Qxd5 23. Rad1 Rg8 24. Qe4 Qf7 25. Nf3 Bf6 26. Rh7 Rg7 27. Rdh1 Rf8 28. Rxg7 Bxg7 29. Rh4 Rd8 30. Ng5 Qf6 31. Qg4 Bf8 32. Rh7 Qg6 33. e4 a6 34. f4 Bh6 35. Re7 Qd6 36. Re6 Qf8 37. c4 Bxg5 38. Qxg5 Qb4 39. Qf5 Kb8 40. Rh6 Nb6 41. Qe5+ Ka7 42. Qc3 Qe7 43. Qf3 Qd7 44. Qe3 Qd1+ 45. Kf2 Qc2+ 46. Kf3 Qxb2 47. f5 Qb1 48. Kg4 Rd3 49. Qe2 Qg1+ 50. Kh4 Re3 51. Qg4 Qe1+ 52. Kh5 Rxe4 53. Qg5 Qd1+ 54. Kg6 Nd7 55. Kh7 Nf8+ 56. Kg7 Qd7+ 57. Kh8 Re8 0-1

[Event "Orlova op-A 11th"]
[Site "Orlova"]
[Date "2014.05.27"]
[Round "2"]
[White "Szotkowski, David"]
[Black "Fiser, Otakar"]
[Result "1/2-1/2"]
[WhiteElo "1300"]
[BlackElo "1610"]
[PlyCount "74"]
[EventDate "2014.05.26"]
[EventType "swiss"]
[EventRounds "9"]
[EventCountry "CZE"]
[SourceTitle "CBM 160 Extra"]
[Source "ChessBase"]
[SourceDate "2014.07.01"]
[SourceVersion "1"]
[SourceVersionDate "2014.07.01"]
[SourceQuality "1"]

1. e4 d5 2. exd5 Nf6 3. Nc3 Nxd5 4. Bc4 Nxc3 5. bxc3 Nc6 6. Ba3 g6 7. Nf3 Bg7 8. 0-0 0-0 9. Re1 Re8 10. Rb1 b6 11. Bb5 Bd7 12. d4 e6 13. Qd2 Na5 14. Bd3 Bc6 15. Be4 Bxe4 16. Rxe4 Qd5 17. Rbe1 Qxa2 18. Bb4 Qd5 19. Ne5 Rad8 20. Bxa5 Qxa5 21. Nc6 Qd5 22. Nxd8 Rxd8 23. Qf4 Qc4 24. R4e3 Rd5 25. Qf3 a5 26. Qe2 Qc6 27. Rb1 Bf6 28. Qf3 Kg7 29. Qe2 Be7 30. Re5 Bd6 31. Rxd5 Qxd5 32. Qd3 Qa2 33. Qd1 Qc4 34. Qd2 a4 35. Qd3 Qa2 36. Qd1 a3 37. Rb3 Kf6 1/2-1/2

[Event "SE-2014-0-00164"]
[Site "LSS email"]
[Date "2014.05.11"]
[Round "?"]
[White "Fiser, Otakar"]
[Black "Shapovalov, Sergey"]
[Result "0-1"]
[WhiteElo "1417"]
[BlackElo "1537"]
[PlyCount "98"]
[EventDate "2014.03.06"]
[EventType "tourn (corr)"]
[EventRounds "6"]
[EventCountry "GER"]
[SourceTitle "Corr 2022"]
[Source "ChessBase"]
[SourceDate "2021.10.24"]
[SourceVersion "1"]
[SourceVersionDate "2021.10.24"]
[SourceQuality "1"]

1. c4 e5 2. Nc3 Nf6 3. g3 Bb4 4. Bg2 0-0 5. Qb3 Nc6 6. Bxc6 Bxc3 7. Bg2 Ba5 8. Nf3 e4 9. Nd4 Bb6 10. Nc2 c6 11. d4 Ba5+ 12. Kf1 d5 13. cxd5 cxd5 14. Bg5 Be6 15. Qxb7 Rb8 16. Qxa7 Rxb2 17. Rc1 Qb6 18. Qxb6 Bxb6 19. Ne3 Bxd4 20. f3 exf3 21. Bxf3 Ne4 22. Bxe4 f6 23. Bf4 dxe4 24. Nd1 Rxa2 25. Be3 Be5 26. Kf2 Rc8 27. Rxc8+ Bxc8 28. Bf4 Ba1 29. Re1 Ba6 30. h3 Kf7 31. Kf1 g5 32. Be3 Be5 33. g4 Ra3 34. Kf2 h5 35. gxh5 f5 36. Bxg5 Bg3+ 37. Kf1 f4 38. Bxf4 Bxf4 39. Nf2 Re3 40. Nh1 Rxh3 41. Nf2 Re3 42. Nh1 Be5 43. Kg1 Rxe2 44. Rxe2 Bxe2 45. Kf2 Bf3 46. Ng3 Bd4+ 47. Ke1 e3 48. h6 Bc3+ 49. Kf1 Kg6 0-1

[Event "Ostrava Seniors op"]
[Site "Ostrava"]
[Date "2014.05.01"]
[Round "6"]
[White "Bystron, Vladislav"]
[Black "Fiser, Otakar"]
[Result "0-1"]
[WhiteElo "1751"]
[BlackElo "1610"]
[PlyCount "78"]
[EventDate "2014.04.26"]
[EventType "swiss"]
[EventRounds "9"]
[EventCountry "CZE"]
[SourceTitle "CBM 160 Extra"]
[Source "ChessBase"]
[SourceDate "2014.07.01"]
[SourceVersion "1"]
[SourceVersionDate "2014.07.01"]
[SourceQuality "1"]

1. e4 c5 2. Bc4 Nc6 3. Qh5 e6 4. Nc3 Nf6 5. Qd1 g6 6. d3 a6 7. a4 Bg7 8. Bg5 Qc7 9. Nf3 0-0 10. h3 b6 11. 0-0 Bb7 12. Re1 Nd4 13. Nxd4 cxd4 14. Ne2 Nxe4 15. Bh4 g5 16. Bg3 Nxg3 17. Nxg3 Qc6 18. f3 Qc7 19. Nf1 Qf4 20. Qd2 Be5 21. Qxf4 Bxf4 22. g3 Bc7 23. Kf2 Bc6 24. Bb3 h5 25. h4 gxh4 26. gxh4 Kh7 27. Nd2 d5 28. c3 Bf4 29. Rad1 Rg8 30. Rh1 Be3+ 31. Ke1 Rg2 32. cxd4 Rag8 33. Rf1 Rh2 34. Nb1 Rgg2 35. Nc3 Rxb2 36. Rb1 Bd2+ 37. Kd1 Bxc3 38. Rxb2 Rxb2 39. Bc2 Ra2 0-1

[Event "SE-2014-0-00164"]
[Site "LSS email"]
[Date "2014.04.29"]
[Round "?"]
[White "Fiser, Otakar"]
[Black "Demidov, Lazar"]
[Result "0-1"]
[WhiteElo "1455"]
[BlackElo "1722"]
[PlyCount "158"]
[EventDate "2014.03.06"]
[EventType "tourn (corr)"]
[EventRounds "6"]
[EventCountry "GER"]
[SourceTitle "Corr 2022"]
[Source "ChessBase"]
[SourceDate "2021.10.24"]
[SourceVersion "1"]
[SourceVersionDate "2021.10.24"]
[SourceQuality "1"]

1. c4 e5 2. Nc3 Nc6 3. g3 Nf6 4. Bg2 Bc5 5. Nf3 d6 6. d3 0-0 7. 0-0 h6 8. Na4 Qe7 9. Nxc5 dxc5 10. Nd2 Nd4 11. Nb1 c6 12. e3 Ne6 13. Nc3 Rd8 14. Qe2 Qd6 15. Rd1 Ng5 16. Rd2 Bf5 17. f4 exf4 18. gxf4 Nh3+ 19. Kh1 Qe6 20. e4 Bg4 21. Qe3 Qd7 22. Bxh3 Bxh3 23. f5 Bf1 24. e5 Ne8 25. f6 Qg4 26. Rf2 Rxd3 27. Qe1 Bh3 28. fxg7 h5 29. a4 Rad8 30. Be3 b6 31. a5 Nxg7 32. Qe2 Qg6 33. Bf4 Bg4 34. Qf1 h4 35. Re1 Qh5 36. Ne4 Bf3+ 37. Rxf3 Qxf3+ 38. Qxf3 Rxf3 39. Bg5 Rd4 40. Nf6+ Kh8 41. Rg1 Ne6 42. Bxh4 Rd8 43. axb6 axb6 44. Ne4 Rg8 45. Bg3 Rb3 46. Rf1 Rxb2 47. Rxf7 Rf8 48. Rxf8+ Nxf8 49. Kg1 Kg8 50. Kf1 Kf7 51. Ke1 Ke6 52. Ng5+ Ke7 53. Ne4 Ng6 54. h4 Ke6 55. Ng5+ Kf5 56. e6 Rb4 57. Bc7 b5 58. e7 Nxe7 59. cxb5 cxb5 60. Bd6 Nd5 61. Bxc5 Rxh4 62. Nf3 Rh1+ 63. Kd2 Ke4 64. Ng5+ Kf4 65. Nf7 Rh7 66. Nd6 Rc7 67. Bg1 b4 68. Nb5 Rc6 69. Nd4 Rg6 70. Bf2 Rg2 71. Ke1 Ne3 72. Nb3 Ke4 73. Nd2+ Kd3 74. Nb3 Rg5 75. Nc1+ Kc2 76. Ne2 Re5 77. Bg3 Re4 78. Kf2 Nd1+ 79. Kf1 b3 0-1

[Event "SE-2014-0-00161"]
[Site "LSS email"]
[Date "2014.03.25"]
[Round "?"]
[White "Fiser, Otakar"]
[Black "Couspeyre, Thierry"]
[Result "1-0"]
[WhiteElo "1446"]
[BlackElo "1288"]
[PlyCount "59"]
[EventDate "2014.01.28"]
[EventType "tourn (corr)"]
[EventRounds "6"]
[EventCountry "GER"]
[SourceTitle "Corr 2022"]
[Source "ChessBase"]
[SourceDate "2021.10.24"]
[SourceVersion "1"]
[SourceVersionDate "2021.10.24"]
[SourceQuality "1"]

1. c4 e5 2. Nc3 Nc6 3. g3 Nf6 4. Bg2 Bc5 5. d3 h6 6. Nf3 0-0 7. Nxe5 Nxe5 8. d4 Bd6 9. c5 Be7 10. dxe5 Nh7 11. Be3 Ng5 12. Nd5 Re8 13. f4 Ne6 14. f5 Nxc5 15. e6 dxe6 16. Nxe7+ Qxe7 17. f6 gxf6 18. Qd4 Na6 19. Qg4+ Kh7 20. Qh5 Qf8 21. 0-0 f5 22. Bxh6 Qxh6 23. Qxf7+ Qg7 24. Qxe8 Qxb2 25. Rad1 Qh8 26. Qh5+ Kg7 27. Qg5+ Kf7 28. Rd8 Qh7 29. Rfd1 Nc5 30. Rf8+ 1-0

[Event "SE-2014-0-00161"]
[Site "LSS email"]
[Date "2014.03.25"]
[Round "?"]
[White "Fiser, Otakar"]
[Black "Lonyuk, Bohdan"]
[Result "1-0"]
[WhiteElo "1446"]
[BlackElo "1259"]
[PlyCount "77"]
[EventDate "2014.01.28"]
[EventType "tourn (corr)"]
[EventRounds "6"]
[EventCountry "GER"]
[SourceTitle "Corr 2022"]
[Source "ChessBase"]
[SourceDate "2021.10.24"]
[SourceVersion "1"]
[SourceVersionDate "2021.10.24"]
[SourceQuality "1"]

1. c4 e6 2. g3 d5 3. Bg2 dxc4 4. Qa4+ Nd7 5. Nf3 a6 6. Qxc4 b5 7. Qc2 Bb7 8. 0-0 c5 9. a4 Ngf6 10. d3 Be7 11. Nc3 Bc6 12. Nh4 Bxg2 13. Nxg2 Rb8 14. Bf4 Rb7 15. axb5 axb5 16. Ra6 0-0 17. Rd1 Qc8 18. Rda1 h6 19. b3 g5 20. Be3 Ng4 21. Bc1 Bf6 22. Bb2 Bg7 23. Ne4 e5 24. Nd6 Qc7 25. Nxb7 Qxb7 26. Ra7 Qc6 27. e4 f5 28. f3 Ngf6 29. R1a6 Nb6 30. Bxe5 Nfd7 31. Bxg7 Kxg7 32. Ne3 fxe4 33. dxe4 Rxf3 34. Nd5 c4 35. Rxb6 Qc5+ 36. Kg2 Rf7 37. Qc3+ Kg8 38. Ra8+ Nf8 39. Nf6+ 1-0

[Event "SE-2014-0-00161"]
[Site "LSS email"]
[Date "2014.03.25"]
[Round "?"]
[White "Kratky, Josef"]
[Black "Fiser, Otakar"]
[Result "0-1"]
[WhiteElo "1294"]
[BlackElo "1446"]
[PlyCount "56"]
[EventDate "2014.01.28"]
[EventType "tourn (corr)"]
[EventRounds "6"]
[EventCountry "GER"]
[SourceTitle "Corr 2022"]
[Source "ChessBase"]
[SourceDate "2021.10.24"]
[SourceVersion "1"]
[SourceVersionDate "2021.10.24"]
[SourceQuality "1"]

1. Nf3 c5 2. e4 d6 3. d4 cxd4 4. Nxd4 Nf6 5. Nc3 g6 6. Be3 Bg7 7. Bc4 Nc6 8. 0-0 0-0 9. h3 Bd7 10. Bb3 Rc8 11. f4 a6 12. f5 Na5 13. fxg6 hxg6 14. Qe1 Rc5 15. Rd1 Re5 16. Bf4 Qb6 17. Kh1 Rh5 18. Nf3 Nxb3 19. axb3 Bc6 20. Nd5 Bxd5 21. exd5 Nxd5 22. Rxd5 Rxd5 23. Qxe7 Qc6 24. c4 Re8 25. cxd5 Qb5 26. Qxd6 Qxf1+ 27. Kh2 Re2 28. Qd8+ Bf8 0-1